Halloween Word Search - Statistics

General Stats
  • This quiz has been taken 3,964 times
  • The average score is 9 of 13
Answers on the Map
Answers color-coded by a green-red scale on the quiz's map according to % correct below.
 
Answer Stats
Answer % Correct
Magic
99%
Scream
99%
October
98%
Cobweb
93%
Pumpkin
92%
Creep
90%
Bat
76%
Demon
75%
Trick
59%
Crow
46%
Witch
46%
Mask
42%
Imp
13%
No matching quizzes found
Score Distribution
Percent of People with Each Score
Percentile by Number Answered
Your Score History
You have not taken this quiz